00446nam a2200181Ia 4500003000900000008004100009040001300050040001300063041000800076100002100084245009900105250001000204260001400214260000900228300001100237300001000248490000600258IT-RoPAU120407s9999 xx 000 0 und d aIT-RoPAU cIT-RoPAU afra aJeanne de Charry aSainte Madeleine-Sophie, Fondatrice de la Société du Sacré--Coeur de Jésus (1779-1865) aParis aCasterman c1965 a213 p. c20 cm v1